Basic Taxonomy Quiz - Statistics

General Stats
  • This quiz has been taken 32 times
  • The average score is 7 of 20
Answer Stats
Hint Answer % Correct
An organism that makes its own food Autotroph
67%
Kingdom of heterotrophic eukaryotes that includes all animals Kingdom Animalia | Animalia
67%
What is the most specific form of taxonomy? Species
59%
What is the least specific form of taxonomy? Domain
56%
What "class" in taxonomy are humans in? Mammal
56%
The branch of science that formally names and classifies organisms by their structure, function, and relationships Taxonomy
56%
An organism that must consume other organisms for energy Heterotroph
52%
Kingdom of heterotrophic eukaryotes Kingdom Fungi | Fungi
41%
Kingdom of autotrophic eukaryotes that includes all plants Kingdom Plantae | Plantae
37%
A category of organisms made up of one cell Unicellular
37%
One of the three taxonomic domains of organisms; has cells that contain a membrane-enclosed nucleus Domain Eukarya | Eukarya
33%
A cell with a nucleus and membrane-bound organelles Eukaryotic cell
33%
What "family" in taxonomy are humans in? Hominidae
33%
Kingdom of single-celled and simple multiple-celled eukaryotic organisms Kingdom Protista | Protista
33%
A category of organisms made up of more than one cell and of different types of cells Multicellular
30%
A cell lacking a nucleus or any other membrane-enclosed organelle Prokaryotic cell
22%
One of the three taxonomic domains of organisms; consists of a specialized group of unicellular Prokaryotes that can live in extreme environments Domain Archaea
4%
One of the three taxonomic domains of organisms; includes prokaryotic, single-celled organisms that lack a membrane-enclosed nucleus and can be classified by shape Domain Bacteria
4%
Kingdom of prokaryotic, single-celled organisms that live in extreme environments Kingdom Archaea
4%
Kingdom of prokaryotic, single-celled organisms that lack a membrane-enclosed nucleus and can be classified by shape Kingdom Bacteria
4%
No matching quizzes found
Score Distribution
Percent of People with Each Score
Percentile by Number Answered
Your Score History
You have not taken this quiz